El contrato social
Salvato in:
| Autore principale: | |
|---|---|
| Natura: | Libro |
| Lingua: | spagnolo |
| Pubblicazione: |
Madrid
EDAF
1982
|
| Edizione: | 1a. ed |
| Serie: | Biblioteca Edaf, 85
|
| Soggetti: | |
| Tags: |
Aggiungi Tag
Nessun Tag, puoi essere il primo ad aggiungerne!!
|
MARC
| LEADER | 00000cam a2200000 a 4500 | ||
|---|---|---|---|
| 001 | UCD4573 | ||
| 003 | CL-VaPUC | ||
| 008 | 160713e19820000sp |||||||||||||||||spa|d | ||
| 020 | |a 8471664569 | ||
| 082 | 0 | 4 | |a 320.11 |b ROU |2 21 |
| 100 | |a Rousseau, Jean Jacques |e autor |9 255697 | ||
| 245 | 1 | 3 | |a El contrato social |
| 250 | |a 1a. ed | ||
| 300 | |a 223 p | ||
| 942 | |c BK | ||
| 945 | |d 20160713 20:53:00 |a dcastane | ||
| 260 | |a Madrid |b EDAF |c 1982 | ||
| 650 | 0 | |a Contrato social |9 308917 | |
| 650 | 7 | |a FILOSOFIA POLITICA |2 CL-VaPUC |9 588295 | |
| 650 | 7 | |a SISTEMAS POLITICAS |2 CL-VaPUC |9 376287 | |
| 583 | |a last modification |c 20160713 20:53:00 |k Rodrigo Vera | ||
| 490 | 0 | |a Biblioteca Edaf, 85 | |
| 999 | |c 365458 |d 365456 | ||
| 952 | |0 0 |1 0 |3 erb |4 0 |6 320_110000000000000_ROU_1982 |7 0 |8 A |9 479322 |a FDOHBE |b FDOHBE |e Huesbe Llanos, Marco Antonio, 1934- |i 5309166 |o 320.11 ROU 1982 |p 5309166 |r 2024-01-30 |w 2019-11-24 |y BK |z Catalogado en:20160713 |k HBE | ||